| 000 | 00473nam a2200145 a 4500 | ||
|---|---|---|---|
| 001 | 1374 | ||
| 003 | CDMR | ||
| 005 | 20151102140003.0 | ||
| 008 | 130130s2005||||||||||||||||||||||||||||d | ||
| 040 |
_aCDMR _bcat _cCPC LLEIDA |
||
| 110 | 2 |
_952 _aCol·legi de Periodistes de Catalunya _b -- Demarcació de Lleida |
|
| 245 | 1 | 0 |
_aGuia de la comunicació, Lleida 2005 _cCPC Lleida |
| 260 |
_aLleida _c2005 _bCol·legi de Periodistes de Catalunya. Demarcació de Lleida |
||
| 942 |
_cMON _2udc |
||
| 999 |
_c1374 _d1374 |
||